书目信息 |
| 题名: |
近四百年中国文学思潮史
|
|
| 作者: | 陈伯海 主编 | |
| 分册: | ||
| 出版信息: | 上海 1997.10 |
|
| 页数: | 709页 | |
| 开本: | 32开 | |
| 丛书名: | ||
| 单 册: | ||
| 中图分类: | I209 | |
| 科图分类: | ||
| 主题词: | 文学--中国 | |
| 电子资源: | ||
| ISBN: | 7-80627-050-7 | |
| 000 | 00559nam0 2200193 45 | |
| 001 | 0011202007 | |
| 005 | 20001120203804.1 | |
| 010 | @a7-80627-050-7@d35.00元 | |
| 100 | @a20001120d1997 km y0chiy0120 ea | |
| 101 | 0 | @achi |
| 105 | @a z 000yy | |
| 200 | 1 | @a近四百年中国文学思潮史@AJin Si Bai Nian Zhong Guo Wen Xue Si Chao Shi@f陈伯海主编@FChen Bo Hai Zhu Bian |
| 210 | @a上海@d1997.10 | |
| 215 | @a709页@d32开 | |
| 606 | 0 | @a文学@x中国 |
| 690 | @aI209@v3 | |
| 701 | 0 | @a陈伯海@4主编 |
| 801 | @aCN@bPftUser@c20001120 | |
| 905 | @b418113-117@dI209@eCH287@f5 | |
| 近四百年中国文学思潮史/陈伯海主编.-上海,1997.10 |
| 709页;32开 |
| ISBN 7-80627-050-7:35.00元 |
| ● |
| 相关链接 |
|
|
|
正题名:近四百年中国文学思潮史
索取号:I209/CH287
 
预约/预借
| 序号 | 登录号 | 条形码 | 馆藏地/架位号 | 状态 | 备注 |
| 1 | 418113 | 204181134 | 社科二线422/422社科库 22排2列5层/ [索取号:I209/CH287] | 在馆 | |
| 2 | 418114 | 204181143 | 社科二线422/422社科库 22排2列5层/ [索取号:I209/CH287] | 在馆 | |
| 3 | 418115 | 204181152 | 社科二线422/422社科库 22排2列5层/ [索取号:I209/CH287] | 在馆 | |
| 4 | 418116 | 204181161 | 社科二线422/422社科库 22排2列5层/ [索取号:I209/CH287] | 在馆 | |
| 5 | 418117 | 204181170 | 社科二线422/422社科库 22排2列5层/ [索取号:I209/CH287] | 在馆 |